| 000 | 00520nam a2200193Ia 4500 | ||
|---|---|---|---|
| 003 | OSt | ||
| 005 | 20250512115842.0 | ||
| 008 | 210210b1978 xxu||||| |||| 00| 0 eng d | ||
| 040 | _cAL | ||
| 041 | _aKannada | ||
| 082 | _aK894.3 SHRM | ||
| 100 |
_aSHRINIVASA (Eske). _dಶ್ರೀನಿವಾಸ (ಎಸ್ಕೆ) _9209939 |
||
| 245 |
_aMalini. _bಮಾಲಿನಿ |
||
| 260 |
_aBengaluru _bPampakshi Prakashana _c1978 |
||
| 300 | _a114 | ||
| 690 |
_aKannada Fiction _9209940 |
||
| 906 | _a033578 | ||
| 942 |
_2ddc _cBK |
||
| 999 |
_c84538 _d84538 |
||